<?xml version="1.0" encoding="UTF-8"?>
<collection xmlns:xsi="http://www.w3.org/2001/XMLSchema-instance" xsi:schemaLocation="http://www.loc.gov/MARC21/slim http://www.loc.gov/standards/marcxml/schema/MARC21slim.xsd" xmlns="http://www.loc.gov/MARC21/slim">
 <record>
  <leader>00000nam a2200000 i 4500</leader>
  <controlfield tag="001">UP-1685474870047033247</controlfield>
  <controlfield tag="003">Buklod</controlfield>
  <controlfield tag="005">20240226134748.0</controlfield>
  <controlfield tag="006">ta    r    |||| u|</controlfield>
  <controlfield tag="007">ta</controlfield>
  <controlfield tag="008">240226s1979    enkao  |rq    001 0 eng  </controlfield>
  <datafield tag="020" ind1=" " ind2=" ">
   <subfield code="a">0859674916 (paperback)</subfield>
  </datafield>
  <datafield tag="035" ind1=" " ind2=" ">
   <subfield code="a">2284684</subfield>
  </datafield>
  <datafield tag="040" ind1=" " ind2=" ">
   <subfield code="a">DLC</subfield>
   <subfield code="d">DMC</subfield>
   <subfield code="e">rda</subfield>
  </datafield>
  <datafield tag="041" ind1=" " ind2=" ">
   <subfield code="a">eng</subfield>
  </datafield>
  <datafield tag="042" ind1=" " ind2=" ">
   <subfield code="a">DMLUC</subfield>
  </datafield>
  <datafield tag="090" ind1=" " ind2=" ">
   <subfield code="a">PN 1993.5 J3 </subfield>
   <subfield code="b">B87 1979</subfield>
  </datafield>
  <datafield tag="100" ind1="1" ind2=" ">
   <subfield code="a">Burch, Noël</subfield>
   <subfield code="d">1932-</subfield>
   <subfield code="e">author.</subfield>
  </datafield>
  <datafield tag="245" ind1="1" ind2="0">
   <subfield code="a">To the distant observer</subfield>
   <subfield code="b">form and meaning in the Japanese cinema</subfield>
   <subfield code="c">Noël Burch ; revised and edited by Annette Michelson.</subfield>
  </datafield>
  <datafield tag="264" ind1=" " ind2="1">
   <subfield code="a">London, England</subfield>
   <subfield code="b">Scolar Press</subfield>
   <subfield code="c">1979.</subfield>
  </datafield>
  <datafield tag="300" ind1=" " ind2=" ">
   <subfield code="a">387 pages</subfield>
   <subfield code="b">illustrations</subfield>
   <subfield code="c">23 cm.</subfield>
  </datafield>
  <datafield tag="336" ind1=" " ind2=" ">
   <subfield code="a">text</subfield>
   <subfield code="2">rdacontent</subfield>
  </datafield>
  <datafield tag="337" ind1=" " ind2=" ">
   <subfield code="a">unmediated</subfield>
   <subfield code="2">rdamedia</subfield>
  </datafield>
  <datafield tag="338" ind1=" " ind2=" ">
   <subfield code="a">volume</subfield>
   <subfield code="2">rdacarrier</subfield>
  </datafield>
  <datafield tag="504" ind1=" " ind2=" ">
   <subfield code="a">Includes bibliographical references (pages 365-367) and indexes (pages 378-387).</subfield>
  </datafield>
  <datafield tag="520" ind1=" " ind2=" ">
   <subfield code="a">The cinema of Japan, at least until 1945, was the only national cinema to derive fundamentally from a non-European culture. Its films thus diverged in important respects from the standard 'Hollywood style' of shooting and editing adopted by the industries of Europe and the US, as well as by colonialized nations. In this unprecedented study, Noel Burch confronts the major modes of discourse of Japanese culture with the stylistic development of Japanese cinema, and contrasts the resulting modes of representation with those of the West. Contrary to previous opinion, Burch shows how the period 1986-1930 was not one of stagnation and 'underdevelopment' but instead constituted a preparatory stage for the 1930-1945 'golden age' of Japanese cinema, during which Ozu, Mizoguchi, and other less well-known masters produced their most distinguished films. Burch also concludes that prewar militarism was relatively uninfluential on the work of the thirties and he views the post-1945 period of 'democratization' as one of regression in cinema, particularly in the works of Ozu and Mizoguchi. Treating many examples with the aid of frame enlargements, Burch illuminates previously unknown aspects of Japanese film history. And his dialectical analysis produces a new understanding of the elements of film structure.</subfield>
  </datafield>
  <datafield tag="591" ind1=" " ind2=" ">
   <subfield code="a">CMC-2119 donated by Ms. Jane Hofileña.</subfield>
  </datafield>
  <datafield tag="650" ind1=" " ind2="0">
   <subfield code="a">Motion picture plays, Japanese</subfield>
   <subfield code="x">History and criticism.</subfield>
  </datafield>
  <datafield tag="650" ind1=" " ind2="0">
   <subfield code="a">Motion pictures</subfield>
   <subfield code="z">Japan.</subfield>
  </datafield>
  <datafield tag="700" ind1="1" ind2=" ">
   <subfield code="a">Michelson, Annette.</subfield>
   <subfield code="e">editor.</subfield>
  </datafield>
  <datafield tag="905" ind1=" " ind2=" ">
   <subfield code="a">FO</subfield>
  </datafield>
  <datafield tag="852" ind1="0" ind2=" ">
   <subfield code="a">UPD</subfield>
   <subfield code="b">DMC</subfield>
   <subfield code="h">PN 1993.5 J3</subfield>
   <subfield code="i">B87 1979</subfield>
  </datafield>
  <datafield tag="942" ind1=" " ind2=" ">
   <subfield code="a">Book</subfield>
  </datafield>
 </record>
</collection>
